Loading...
| History - American | 1 | 5 | 0 | 0 | 65 | 48 | 89.50 | 3 | 6 | 9.95 | 27.27 |
| History - World | 1 | 5 | 0 | 0 | 65 | 49 | 95.67 | 3 | 6 | 2.48 | 9.09 |
| History - European | 2 | 3 | 1 | 0 | 55 | 18 | 76.00 | 4 | 5 | 12.85 | 22.73 |
| Beliefs | 0 | 2 | 0 | 0 | 20 | 74 | 84.00 | 1 | 2 | 0.00 | 0.00 |
| British and Commonwealth History | 0 | 2 | 0 | 0 | 20 | 124 | 125.00 | 0 | 2 | 0.00 | 0.00 |
| 0 | 2 | 1 | 0 | 15 | 78 | 95.00 | 1 | 2 | 0.00 | 0.00 | |
| Other Academic | 0 | 1 | 0 | 1 | 10 | 121 | 121.00 | 0 | 1 | 26.80 | 100.00 |
| Social Science | 0 | 1 | 0 | 0 | 10 | 121 | 121.00 | 0 | 1 | 2.06 | 6.06 |
| Fine Arts - Auditory | 0 | 0 | 1 | 0 | -5 | 0.00 | 0 | 0 | 0.00 | 0.00 | |
| Current Events | 0 | 0 | 1 | 0 | -5 | 0.00 | 0 | 0 | 2.17 | 16.67 |